[Event "Challenge"]
[Site "http://www.queenalice.com/game.php?id=1145754"]
[Date "2013.1.27"]
[Round "-"]
[White "MisterChessChampion"]
[Black "ebelote"]
[Result "0-1"]
[WhiteElo "1067"]
[BlackElo "1588"]

1. e4 e5 2. Nf3 Nc6 3. Bb5 a6 4. Bxc6 dxc6 5. O-O Nf6 6. d3 Bc5 7. Nxe5 O-O 8.
Bg5 h6 9. Bh4 Re8 10. Bxf6 Qxf6 11. Ng4 Bxg4 12. Qxg4 Qxb2 13. Nd2 Qxc2 14. Nb3
Ba7 15. Qd7 Bb6 16. Rfc1 Rad8 17. Qxe8+ Rxe8 18. Rxc2 Re5 0-1

[Event "Challenge"]
[Site "http://www.queenalice.com/game.php?id=1145756"]
[Date "2013.1.27"]
[Round "-"]
[White "MisterChessChampion"]
[Black "bambi54"]
[Result "0-1"]
[WhiteElo "1080"]
[BlackElo "1404"]

1. e4 e5 2. Nf3 Nc6 3. Bb5 Nf6 4. Nc3 Bc5 5. Bxc6 bxc6 6. O-O d6 7. h3 O-O 8.
Re1 d5 9. exd5 cxd5 10. Rxe5 Be6 11. d4 Bd6 12. Rg5 h6 13. Rxd5 Bxd5 14. Nxd5
Nxd5 15. c4 Nf6 16. d5 Qd7 17. b3 c6 18. dxc6 Qxc6 19. a4 Rfe8 20. Bb2 Bc7 21.
b4 Qxc4 22. Rc1 Qa2 23. Bxf6 gxf6 24. Rxc7 Qa3 0-1

[Event "Challenge"]
[Site "http://www.queenalice.com/game.php?id=1145757"]
[Date "2013.1.27"]
[Round "-"]
[White "MisterChessChampion"]
[Black "bambi54"]
[Result "0-1"]
[WhiteElo "1100"]
[BlackElo "1400"]

1. e4 e5 2. Nf3 Nc6 3. Bb5 Nf6 4. Bxc6 bxc6 5. d3 d6 6. h3 Be7 7. O-O O-O 8. Bg5
Ba6 9. c3 d5 10. exd5 Qxd5 11. d4 exd4 12. Re1 c5 13. Rxe7 Qd6 14. Re5 Rae8 15.
Rxe8 Rxe8 16. Qa4 h6 17. Bxf6 Qe6 18. Na3 Rb8 19. cxd4 Rb4 20. Qc2 Qxf6 21. Qxc5
Rb7 22. b4 c6 23. Re1 Rc7 24. Re8+ Kh7 25. Qf8 Rb7 0-1

[Event "Challenge"]
[Site "http://www.queenalice.com/game.php?id=1145758"]
[Date "2013.1.27"]
[Round "-"]
[White "MisterChessChampion"]
[Black "carito30236"]
[Result "0-1"]
[WhiteElo "1067"]
[BlackElo "1807"]

1. e4 c5 2. Nf3 Nc6 3. Bb5 e5 4. Bxc6 bxc6 5. O-O Bd6 6. d3 Ba6 7. Bg5 Be7 8.
Bxe7 Nxe7 9. Nc3 d6 10. Re1 Qb6 11. b3 O-O 12. Na4 Qc7 13. c4 Rad8 14. Nc3 Bc8
15. h3 h6 16. a4 f5 17. exf5 Bxf5 18. Nh4 Bh7 19. g4 d5 20. cxd5 Nxd5 21. Nxd5
cxd5 22. Rc1 a5 0-1

[Event "Challenge"]
[Site "http://www.queenalice.com/game.php?id=1145762"]
[Date "2013.1.27"]
[Round "-"]
[White "MisterChessChampion"]
[Black "fflores"]
[Result "0-1"]
[WhiteElo "1062"]
[BlackElo "1610"]

1. e4 e5 2. Nf3 Nc6 3. Bb5 a6 4. Bxc6 dxc6 5. O-O Bg4 6. h3 Bxf3 7. Qxf3 Bd6 8.
d3 Qf6 9. Qxf6 Nxf6 10. Bg5 Nd7 11. Nc3 f6 12. Bh4 O-O-O 0-1

[Event "Challenge"]
[Site "http://www.queenalice.com/game.php?id=1145768"]
[Date "2013.1.27"]
[Round "-"]
[White "MisterChessChampion"]
[Black "vult0"]
[Result "0-1"]
[WhiteElo "1067"]
[BlackElo "1659"]

1. e4 e5 2. Nf3 d6 3. Bb5+ c6 4. Ba4 b5 5. Bb3 a5 6. c3 Bg4 7. O-O Nf6 8. d3 h6
9. c4 Nbd7 10. cxb5 cxb5 11. h3 Bh5 12. Nc3 Rb8 13. a4 b4 14. Nd5 Be7 15. Nxf6+
Nxf6 16. d4 exd4 0-1

[Event "Challenge"]
[Site "http://www.queenalice.com/game.php?id=1145770"]
[Date "2013.1.27"]
[Round "-"]
[White "MisterChessChampion"]
[Black "cyrano"]
[Result "0-1"]
[WhiteElo "1067"]
[BlackElo "1714"]

1. e4 e5 2. Nf3 f6 3. Bc4 c6 4. O-O b5 5. Bxg8 Rxg8 6. d3 Bc5 7. c4 Qb6 8. Nbd2
d5 9. cxd5 cxd5 10. exd5 Qd6 11. Qb3 a6 12. Ne4 Qb6 13. d6 Rf8 14. Qd5 Ra7 15.
Nxc5 Qc6 16. Qxc6+ Nxc6 17. Re1 Rff7 18. b3 h6 19. Bb2 Nb4 20. d4 Kf8 21. dxe5
Nc2 22. e6 Bxe6 23. Nxe6+ Kg8 0-1

[Event "Challenge"]
[Site "http://www.queenalice.com/game.php?id=1146535"]
[Date "2013.1.29"]
[Round "-"]
[White "MisterChessChampion"]
[Black "BALASH"]
[Result "0-1"]
[WhiteElo "1065"]
[BlackElo "1384"]

1. e4 e5 2. Nf3 Nc6 3. Bb5 Bd6 4. Bxc6 dxc6 5. h3 Nf6 6. d3 h6 7. O-O Be6 8. Nc3
g5 9. Re1 a6 10. d4 exd4 11. Qxd4 c5 12. Qd3 c4 0-1

[Event "Challenge"]
[Site "http://www.queenalice.com/game.php?id=1146537"]
[Date "2013.1.29"]
[Round "-"]
[White "MisterChessChampion"]
[Black "ReidoBaralho"]
[Result "0-1"]
[WhiteElo "1100"]
[BlackElo "1599"]

1. e4 e5 2. Nf3 d6 3. h3 Nf6 4. Nc3 g6 5. Bc4 c6 6. O-O Nh5 7. d4 exd4 8. Qxd4
Bg7 9. e5 O-O 10. exd6 Bxd4 11. Nxd4 Qxd6 12. Rd1 Qe5 13. Nf3 Qf5 0-1

[Event "Challenge"]
[Site "http://www.queenalice.com/game.php?id=1146539"]
[Date "2013.1.29"]
[Round "-"]
[White "MisterChessChampion"]
[Black "jamba"]
[Result "0-1"]
[WhiteElo "1067"]
[BlackElo "1515"]

1. e4 c5 2. Nf3 d6 3. Bb5+ Nc6 4. Bxc6+ bxc6 5. O-O Nf6 6. d3 g6 7. h3 Bg7 8.
Re1 Qa5 9. e5 dxe5 10. Nxe5 Nd5 11. Nxc6 Qc7 12. c4 Qxc6 13. cxd5 Qxd5 14. Nc3
Bxc3 0-1

[Event "Challenge"]
[Site "http://www.queenalice.com/game.php?id=1146543"]
[Date "2013.1.29"]
[Round "-"]
[White "MisterChessChampion"]
[Black "hdlp"]
[Result "0-1"]
[WhiteElo "1065"]
[BlackElo "1697"]

1. e4 e5 2. Nf3 Nc6 3. Bb5 Nf6 4. d3 a6 5. Bxc6 dxc6 6. O-O Bd6 7. Bg5 h6 8.
Bxf6 Qxf6 9. Re1 Qg6 10. g3 Bg4 11. b3 O-O-O 12. c4 Bb4 13. Re3 Rd7 0-1

[Event "Challenge"]
[Site "http://www.queenalice.com/game.php?id=1152672"]
[Date "2013.2.17"]
[Round "-"]
[White "MisterChessChampion"]
[Black "pepe72"]
[Result "0-1"]
[WhiteElo "1067"]
[BlackElo "1623"]

1. e4 e5 2. Nf3 Nc6 3. Bb5 a6 4. Bxc6 dxc6 5. O-O Bd6 6. d4 f6 7. dxe5 Bxe5 8.
Qxd8+ Kxd8 9. Rd1+ Ke8 10. Nxe5 fxe5 11. Nd2 Nf6 12. b3 b5 13. a4 b4 14. Nc4 Rf8
15. Nxe5 Nxe4 16. Nxc6 Bb7 17. Nxb4 Nxf2 18. Re1+ Be4 19. Nd5 Rd8 20. Nxc7+ Kd7
0-1

[Event "Challenge"]
[Site "http://www.queenalice.com/game.php?id=1152678"]
[Date "2013.2.17"]
[Round "-"]
[White "MisterChessChampion"]
[Black "alessandro92"]
[Result "0-1"]
[WhiteElo "1067"]
[BlackElo "1431"]

1. e4 Nc6 2. Bb5 Ne5 3. d4 c6 4. dxe5 Qa5+ 5. Nc3 cxb5 6. Bd2 b4 7. Nd5 Qc5 8.
Bxb4 Qc6 9. f4 e6 10. Bxf8 h6 11. Bxg7 Rh7 12. Bf6 exd5 13. exd5 Qb6 14. b3 Qa5+
15. Qd2 Qb6 16. O-O-O Qc5 17. Bh4 Ne7 18. Bxe7 Qxe7 0-1

[Event "Challenge"]
[Site "http://www.queenalice.com/game.php?id=1152730"]
[Date "2013.2.17"]
[Round "-"]
[White "MisterChessChampion"]
[Black "Burianski"]
[Result "0-1"]
[WhiteElo "1065"]
[BlackElo "1582"]

1. e4 e5 2. Nf3 Nc6 3. Bb5 Nf6 4. Bxc6 dxc6 5. Nc3 Bd6 6. O-O O-O 7. d3 Bg4 8.
h3 Be6 9. Bg5 Be7 10. Nxe5 Qd4 11. Bxf6 Bxf6 12. Nf3 Qc5 0-1

[Event "Challenge"]
[Site "http://www.queenalice.com/game.php?id=1152732"]
[Date "2013.2.17"]
[Round "-"]
[White "MisterChessChampion"]
[Black "bouley"]
[Result "0-1"]
[WhiteElo "1067"]
[BlackElo "1565"]

1. e4 Nc6 2. Bb5 Nd4 3. a4 c6 4. Bc4 b5 5. axb5 Nxb5 6. Qf3 e6 7. d3 Nd4 8. Qd1
d5 9. exd5 exd5 10. Bb3 Qe7+ 11. Ne2 Bg4 12. f3 Qh4+ 13. Ng3 Qe7+ 14. Ne2 Bxf3
15. gxf3 Nxf3+ 16. Kf1 Nf6 17. Bg5 Qe6 18. Nf4 Qe3 0-1